आधुनिक भौतिक विज्ञान / (Record no. 17456)

MARC details
000 -LEADER
fixed length control field 04725nam a22005057a 4500
005 - DATE AND TIME OF LATEST TRANSACTION
control field 20081103160943.0
008 - FIXED-LENGTH DATA ELEMENTS--GENERAL INFORMATION
fixed length control field 081103t xxu||||| |||| 00| 0 hin d
010 ## - LCCN (DPL NO)
LC control number HIN-84621-629
020 ## - INTERNATIONAL STANDARD BOOK NUMBER
International Standard Book Number 8186451099 (भाग-1)
Terms of availability 40.00
020 ## - INTERNATIONAL STANDARD BOOK NUMBER
International Standard Book Number 8186451102 (भाग-2)
Terms of availability 40.00
020 ## - INTERNATIONAL STANDARD BOOK NUMBER
International Standard Book Number 8186451110 (भाग-3)
Terms of availability 40.00
020 ## - INTERNATIONAL STANDARD BOOK NUMBER
International Standard Book Number 8186451129 (भाग-4)
Terms of availability 40.00
020 ## - INTERNATIONAL STANDARD BOOK NUMBER
International Standard Book Number 8186451137 (भाग-5)
Terms of availability 40.00
020 ## - INTERNATIONAL STANDARD BOOK NUMBER
International Standard Book Number 8186451145 (भाग-6)
Terms of availability 40.00
020 ## - INTERNATIONAL STANDARD BOOK NUMBER
International Standard Book Number 8186451153 (भाग-7)
Terms of availability 40.00
020 ## - INTERNATIONAL STANDARD BOOK NUMBER
International Standard Book Number 8186451161 (भाग-8)
Terms of availability 40.00
020 ## - INTERNATIONAL STANDARD BOOK NUMBER
International Standard Book Number 818645117x (भाग-9)
Terms of availability 40.00
035 ## - SYSTEM CONTROL NUMBER
System control number HN-56967-975
037 ## - SOURCE OF ACQUISITION
Source of stock number/acquisition DBAD / PUB
040 ## - CATALOGING SOURCE
Original cataloging agency DPL
Language of cataloging HN
082 ## - DEWEY DECIMAL CLASSIFICATION NUMBER
Classification number 530
100 ## - MAIN ENTRY--PERSONAL NAME
Personal name लढके, ज्योतिराव
245 ## - TITLE STATEMENT
Title आधुनिक भौतिक विज्ञान /
Statement of responsibility, etc ज्योतिराव लढके
260 ## - PUBLICATION, DISTRIBUTION, ETC. (IMPRINT)
Place of publication, distribution, etc नागपुर
Name of publisher, distributor, etc प्रोग्रेसिव पब्लिशर
Date of publication, distribution, etc 2008
270 ## - ADDRESS
Address धनवटे चेम्बर्स, सीताबर्डी
City नागपुर
Postal code 12
Telephone number 2526442
300 ## - PHYSICAL DESCRIPTION
Extent 9भाग ( 47पृ ; 59पृ; 47पृ; 55पृ ; 52पृ; 47पृ; 92पृ; 75पृ;51पृ )
Dimensions 22सेमी (अजिल्द)
500 ## - GENERAL NOTE
General note 9 भागों में प्रकाशित
500 ## - GENERAL NOTE
General note रू. 40.00 ( प्रत्येक )
505 ## - FORMATTED CONTENTS NOTE
Formatted contents note भाग-1 भौतिकशास्त्र के पूर्वाधार ; भा-2 अस्त्तित्व के सूक्ष्म स्तर की ओर; भाग-3 सूक्ष्म कणिकाओं का विश्व
505 ## - FORMATTED CONTENTS NOTE
Formatted contents note भाग-4 सूक्ष्म कणिकाओं का अजायबघर; भाग-5 प्रकाश; भाग-6 क्वांतम यांत्रिकी
505 ## - FORMATTED CONTENTS NOTE
Formatted contents note भाग-7 सापेक्षता सिद्धान्त; भाग-8 प्रकृति के बल; भाग-9 शून्य और ब्रह्मांड
650 ## - SUBJECT ADDED ENTRY--TOPICAL TERM
Topical term or geographic name as entry element भौतिक विज्ञान
650 ## - SUBJECT ADDED ENTRY--TOPICAL TERM
Topical term or geographic name as entry element Physics
942 ## - ADDED ENTRY ELEMENTS (KOHA)
Source of classification or shelving scheme Dewey Decimal Classification
Item type Hindi Books
Call number suffix लढके
Classification part 530
Holdings
Withdrawn status Lost status Source of classification or shelving scheme Materials specified (bound volume or other part) Damaged status Not for loan Collection code Home library Current library Date acquired Source of acquisition Cost, normal purchase price Total Checkouts Full call number Barcode Date last seen Copy number Cost, replacement price Koha item type Public note
    Dewey Decimal Classification         Andrews Gunj Andrews Gunj 26/11/2008       530 लढके   26/11/2008     Hindi Books  
    Dewey Decimal Classification भाग-1 भौति   Not For Loan Non-fiction D.B.Act.Division D.B.Act.Division 03/11/2008 DBAD / PUB 40.00   530 लढके HN-56967 03/11/2008 1 40.00 Hindi Books भाग-1, भौतिकशास्त्र के पूर्वाधार
    Dewey Decimal Classification भाग-2 अस्त   Not For Loan Non-fiction D.B.Act.Division D.B.Act.Division 03/11/2008 DBAD / PUB 40.00   530 लढके HN-56968 03/11/2008   40.00 Hindi Books भाग-1, अस्त्तिव के शूक्ष्म स्तर की ओर
    Dewey Decimal Classification भाग-3 सूक्   Not For Loan Non-fiction D.B.Act.Division D.B.Act.Division 03/11/2008 DBAD / PUB 40.00   530 लढके HN-56969 03/11/2008 1 40.00 Hindi Books भाग-3 सूक्ष्म कणिकाओं का विश्व
    Dewey Decimal Classification भाग-4 सूक्   Not For Loan Non-fiction D.B.Act.Division D.B.Act.Division 03/11/2008 DBAD / PUB 40.00   530 लढके HN-56970 03/11/2008 1 40.00 Hindi Books भाग-4 सूक्ष्म कणिकाओं का अजायबघर
    Dewey Decimal Classification भाग-5 प्रक   Not For Loan Non-fiction D.B.Act.Division D.B.Act.Division 03/11/2008 DBAD / PUB 40.00   530 लढके HN-56971 03/11/2008 1 40.00 Hindi Books भाग-5 प्रकाश
    Dewey Decimal Classification भाग-6 क्वा   Not For Loan Non-fiction D.B.Act.Division D.B.Act.Division 03/11/2008 DBAD / PUB 40.00   530 लढके HN-56972 03/11/2008 1 40.00 Hindi Books भाग-6 क्वांतम यांत्रिकी
    Dewey Decimal Classification भाग- 7 साप   Not For Loan Non-fiction D.B.Act.Division D.B.Act.Division 03/11/2008 DBAD / PUB 40.00   530 लढके HN-56973 03/11/2008 1 40.00 Hindi Books भाग- 7 सापेक्षता सिद्धान्त
    Dewey Decimal Classification भाग-8 प्रक   Not For Loan Non-fiction D.B.Act.Division D.B.Act.Division 03/11/2008 DBAD / PUB 40.00   530 लढके HN-56974 03/11/2008 1 40.00 Hindi Books भाग-8 प्रकृति के बल
    Dewey Decimal Classification भाग-9 शून्   Not For Loan Non-fiction D.B.Act.Division D.B.Act.Division 03/11/2008 DBAD / PUB 40.00   530 लढके HN-56975 03/11/2008 1 40.00 Hindi Books भाग-9 शून्य और ब्रह्मांड

© Delhi Public Library
Hit Counter
free hit counter